000 00923cab a2200301 4500
001 WB3312-06
008 090401t1997 xxu||||| |||| 00| 0 eng d
035 _a(Sirsi) u77287
041 _aeng
245 _aScotland`s commercial property
260 _c1997
350 _a0
490 _aHerald
_vCommercial Property, 20 March 1997, 1-20(20) LOAN
520 _aLooks at the commercial property market in Scotland, with a centenary special on the RICS in Scotland.
650 _aBUSINESS PARKS
650 _aPROPERTY-COMMERCIAL PROPERTY
650 _aBUILT ENVIRONMENT
650 _aHOTELS
650 _aPROPERTY-COMMERCIAL PROPERTY-OFFICE PROPERTY-OFFICE PROPERTY MARKET
650 _aPETROL STATIONS
650 _aRELOCATION
650 _aRETAIL WAREHOUSE PARKS
650 _aRICS IN SCOTLAND
650 _aSCOTLAND
690 _aPROPERTY-COMMERCIAL PROPERTY
942 _n0
948 _c21/03/1997
999 _c48599
_d48599